[Event "VIE-ch"]
[Site "Hanoi"]
[Date "2024.03.15"]
[Round "7"]
[White "Duong, Vu Anh"]
[Black "Tran, Minh Thang"]
[Result "0-1"]
[WhiteElo "1951"]
[BlackElo "2336"]
[PlyCount "55"]
[EventDate "2024.03.11"]
[EventType "swiss"]
[EventRounds "9"]
[EventCountry "VIE"]
[SourceTitle "CB13_2024"]
[SourceDate "2024.03.27"]
[SourceVersion "1"]
[SourceVersionDate "2024.03.27"]
[SourceQuality "1"]

1. c4 e6 2. Nc3 d5 3. d4 Nf6 4. Nf3 Bb4 5. Qc2 dxc4 6. Bg5 b5 7. a4 c6 8. Bxf6 gxf6 9. g3 Ba5 10. Nd2 b4 11. Nce4 f5 12. Nc5 Qxd4 13. Qxc4 Qxb2 14. Rb1 Qc3 15. Bg2 0-0 16. Rc1 Qxc4 17. Nxc4 Bc7 18. a5 Rd8 19. 0-0 Na6 20. Bxc6 Rb8 21. Nb3 e5 22. f3 Be6 23. Kf2 h5 24. Rfe1 Kg7 25. e4 Rd3 26. Re3 Rxe3 27. Kxe3 Nc5 28. Rb1 0-1

[Event "Hanoi GM"]
[Site "Hanoi"]
[Date "2023.05.22"]
[Round "1"]
[White "Tran, Minh Thang"]
[Black "Liu, Yi"]
[Result "1-0"]
[WhiteElo "2326"]
[BlackElo "2272"]
[PlyCount "77"]
[EventDate "2023.05.22"]
[EventType "schev"]
[EventRounds "9"]
[EventCountry "VIE"]
[SourceTitle "CBM 214 Extra"]
[Source "ChessBase"]
[SourceDate "2023.07.31"]
[SourceVersion "1"]
[SourceVersionDate "2023.07.31"]
[SourceQuality "1"]

1. d4 d5 2. c4 c6 3. Nf3 Nf6 4. Qc2 dxc4 5. Qxc4 Bf5 6. Nc3 e6 7. g3 Nbd7 8. Bg2 Be7 9. 0-0 0-0 10. a4 a5 11. Re1 Bg6 12. e4 Nb8 13. Ne5 Na6 14. Be3 Nb4 15. Qb3 Nd7 16. Nxg6 hxg6 17. Rad1 Qc7 18. d5 e5 19. Re2 Bc5 20. dxc6 Qxc6 21. Nd5 Qe6 22. Red2 Bxe3 23. Qxe3 Nxd5 24. Rxd5 Nb6 25. Rb5 Rfd8 26. Rxd8+ Rxd8 27. Bf1 Rd4 28. b3 Nd7 29. Rxb7 Nc5 30. Rb8+ Kh7 31. Qg5 Rxe4 32. Qd8 g5 33. Qxg5 Re1 34. Qh5+ Qh6 35. Qxf7 Qg5 36. Qg8+ Kg6 37. Rb6+ Kf5 38. Qc8+ Ke4 39. Qxc5 1-0

[Event "Asia zt 3.3"]
[Site "Jakarta"]
[Date "2023.05.10"]
[Round "7"]
[White "Tran, Minh Thang"]
[Black "Munkhzul, Turmunkh"]
[Result "1-0"]
[WhiteElo "2326"]
[BlackElo "2318"]
[PlyCount "91"]
[EventDate "2023.05.06"]
[EventType "swiss"]
[EventRounds "9"]
[EventCountry "INA"]
[SourceTitle "CBM 214 Extra"]
[Source "ChessBase"]
[SourceDate "2023.07.31"]
[SourceVersion "1"]
[SourceVersionDate "2023.07.31"]
[SourceQuality "1"]

1. d4 Nf6 2. Bf4 g6 3. Nc3 d5 4. e3 Bg7 5. h4 h5 6. Nf3 0-0 7. Qd2 c5 8. Be2 Nc6 9. Ne5 Bf5 10. f3 cxd4 11. exd4 Qb6 12. Nxc6 bxc6 13. 0-0-0 Qb7 14. Na4 Rfe8 15. Nc5 Qb6 16. Be5 Red8 17. Qg5 Ne8 18. g4 Bc8 19. Qe3 f6 20. Bf4 e5 21. dxe5 fxe5 22. Bg5 Rd6 23. gxh5 Rb8 24. Qa3 e4 25. c3 d4 26. Nxe4 Rd5 27. Bc4 Be6 28. Bxd5 cxd5 29. Nc5 dxc3 30. Nxe6 Qxe6 31. Rhe1 Qf5 32. b3 d4 33. Qxa7 Rc8 34. h6 Bf8 35. Rxd4 Nc7 36. Rde4 Nb5 37. Qe3 c2 38. Re8 Rxe8 39. Qxe8 Nd4 40. Re7 Kh8 41. Rd7 Ne2+ 42. Kb2 c1Q+ 43. Bxc1 Qf6+ 44. Kb1 Qf5+ 45. Ka1 Nc3 46. Rd3 1-0

[Event "Asia zt 3.3"]
[Site "Jakarta"]
[Date "2023.05.06"]
[Round "1"]
[White "Tran, Minh Thang"]
[Black "Megaranto, Susanto"]
[Result "0-1"]
[WhiteElo "2326"]
[BlackElo "2523"]
[PlyCount "40"]
[EventDate "2023.05.06"]
[EventType "swiss"]
[EventRounds "9"]
[EventCountry "INA"]
[SourceTitle "CBM 214 Extra"]
[Source "ChessBase"]
[SourceDate "2023.07.31"]
[SourceVersion "1"]
[SourceVersionDate "2023.07.31"]
[SourceQuality "1"]

1. d4 d6 2. e4 g6 3. Nc3 Bg7 4. Nf3 Bg4 5. Be2 Nc6 6. Be3 e5 7. d5 Nce7 8. Qd2 Bxf3 9. Bxf3 h5 10. a4 Bh6 11. 0-0 Bxe3 12. Qxe3 Nf6 13. Be2 Nd7 14. a5 a6 15. b4 Kf8 16. g3 h4 17. f4 hxg3 18. hxg3 exf4 19. gxf4 Nxd5 20. Nxd5 Qh4 0-1

[Event "VIE-chT"]
[Site "Hanoi"]
[Date "2023.04.23"]
[Round "9"]
[White "Tran, Minh Thang"]
[Black "Nguyen, Hoang Nam1111"]
[Result "1-0"]
[WhiteElo "2326"]
[BlackElo "2130"]
[PlyCount "65"]
[EventDate "2023.04.18"]
[EventType "swiss"]
[EventRounds "9"]
[EventCountry "VIE"]
[SourceTitle "EXT 2024"]
[Source "ChessBase"]
[SourceDate "2023.10.10"]
[SourceVersion "1"]
[SourceVersionDate "2023.10.10"]
[SourceQuality "1"]

1. d4 Nf6 2. Bf4 d5 3. e3 c5 4. Nd2 Nc6 5. Ngf3 cxd4 6. exd4 Bf5 7. c3 e6 8. Qb3 Qc8 9. Nh4 Be4 10. Nxe4 dxe4 11. g3 Be7 12. Ng2 Nd5 13. Bd2 0-0 14. Be2 Qd7 15. 0-0 Rac8 16. Rad1 a6 17. Bc1 b5 18. a3 h6 19. Qc2 f5 20. f3 exf3 21. Bxf3 Bg5 22. Bxg5 hxg5 23. Qd2 g4 24. Bxd5 Qxd5 25. Nf4 Qa2 26. Rfe1 Rce8 27. d5 exd5 28. Ng6 Rxe1+ 29. Qxe1 Rf6 30. Qe8+ Kh7 31. Nf8+ Kh6 32. Ne6 Kh7 33. Qd7 1-0

[Event "VIE-chT"]
[Site "Hanoi"]
[Date "2023.04.22"]
[Round "8"]
[White "Le, Minh Hoang"]
[Black "Tran, Minh Thang"]
[Result "1/2-1/2"]
[WhiteElo "2240"]
[BlackElo "2326"]
[PlyCount "31"]
[EventDate "2023.04.18"]
[EventType "swiss"]
[EventRounds "9"]
[EventCountry "VIE"]
[SourceTitle "EXT 2024"]
[Source "ChessBase"]
[SourceDate "2023.10.10"]
[SourceVersion "1"]
[SourceVersionDate "2023.10.10"]
[SourceQuality "1"]

1. d4 d5 2. c4 c6 3. cxd5 cxd5 4. Nc3 Nf6 5. Nf3 Nc6 6. Bf4 Bf5 7. e3 e6 8. Bd3 Bxd3 9. Qxd3 Bd6 10. Bxd6 Qxd6 11. 0-0 0-0 12. Rfc1 Rfc8 13. Ne2 Ne7 14. a3 a6 15. Rxc8+ Rxc8 16. Rc1 1/2-1/2

[Event "VIE-chT"]
[Site "Hanoi"]
[Date "2023.04.22"]
[Round "7"]
[White "Tran, Minh Thang"]
[Black "Tran, Tuan Minh"]
[Result "1/2-1/2"]
[WhiteElo "2326"]
[BlackElo "2503"]
[PlyCount "31"]
[EventDate "2023.04.18"]
[EventType "swiss"]
[EventRounds "9"]
[EventCountry "VIE"]
[SourceTitle "EXT 2024"]
[Source "ChessBase"]
[SourceDate "2023.10.10"]
[SourceVersion "1"]
[SourceVersionDate "2023.10.10"]
[SourceQuality "1"]

1. Nf3 Nf6 2. d4 c5 3. e3 cxd4 4. exd4 d5 5. c3 Nc6 6. Bd3 Bg4 7. h3 Bxf3 8. Qxf3 e6 9. Bg5 Be7 10. 0-0 0-0 11. Nd2 a6 12. a4 Nd7 13. Bxe7 Qxe7 14. Rfe1 Qg5 15. Qe3 Qxe3 16. Rxe3 1/2-1/2

[Event "VIE-ch"]
[Site "Vung Tau"]
[Date "2023.03.05"]
[Round "5"]
[White "Nguyen, Nam Kiet"]
[Black "Tran, Minh Thang"]
[Result "1-0"]
[WhiteElo "1824"]
[BlackElo "2342"]
[PlyCount "60"]
[EventDate "2023.03.03"]
[EventType "swiss"]
[EventRounds "9"]
[EventCountry "VIE"]
[SourceTitle "EXT 2024"]
[Source "ChessBase"]
[SourceDate "2023.10.10"]
[SourceVersion "1"]
[SourceVersionDate "2023.10.10"]
[SourceQuality "1"]

1. d4 Nf6 2. Nf3 g6 3. e3 Bg7 4. Bd3 c5 5. 0-0 d5 6. c3 0-0 7. Nbd2 Qc7 8. dxc5 Qxc5 9. e4 Nc6 10. Qe2 e5 11. Nb3 Qb6 12. exd5 Nxd5 13. Be4 Nf4 14. Bxf4 exf4 15. Rad1 Be6 16. Bd5 Rfe8 17. Bxe6 Rxe6 18. Qc4 Rf6 19. Rd7 g5 20. Qd5 g4 21. Ng5 Rf8 22. Nc5 Nd8 23. Rd1 Ne6 24. Ncxe6 fxe6 25. Qe4 Rg6 26. R7d6 Qxb2 27. Nxe6 Qxa2 28. c4 Re8 29. Rd8 Qa4 30. Rxe8+ Qxe8 1-0

[Event "VIE-ch"]
[Site "Vung Tau"]
[Date "2023.03.04"]
[Round "3"]
[White "Tran, Minh Thang"]
[Black "Tran, Tuan Minh"]
[Result "0-1"]
[WhiteElo "2342"]
[BlackElo "2495"]
[PlyCount "98"]
[EventDate "2023.03.03"]
[EventType "swiss"]
[EventRounds "9"]
[EventCountry "VIE"]
[SourceTitle "EXT 2024"]
[Source "ChessBase"]
[SourceDate "2023.10.10"]
[SourceVersion "1"]
[SourceVersionDate "2023.10.10"]
[SourceQuality "1"]

1. e4 c5 2. Nf3 d6 3. d4 cxd4 4. Nxd4 Nf6 5. Nc3 a6 6. Be2 e5 7. Nb3 Be6 8. 0-0 Be7 9. Bg5 Nbd7 10. Qd2 0-0 11. Rad1 Rc8 12. Bf3 b5 13. a3 Qc7 14. h3 h6 15. Be3 Rfd8 16. Rfe1 Nb6 17. Bxb6 Qxb6 18. Nd5 Nxd5 19. exd5 Bd7 20. Re2 Bg5 21. Qa5 Qa7 22. Qb4 Bf5 23. Na5 Bxc2 24. Rde1 Bd3 25. Nc6 Qc7 26. Re3 Bxe3 27. Rxe3 Bg6 28. Rc3 Re8 29. Nxe5 Qe7 30. Nxg6 fxg6 31. Re3 Qf6 32. Rxe8+ Rxe8 33. Bg4 Kh7 34. Be6 Qe5 35. g3 Rf8 36. Kg2 Qe2 37. Qd4 a5 38. Bg4 Qc4 39. Qxc4 bxc4 40. Be2 Rb8 41. Bxc4 Rxb2 42. a4 Rb4 43. Bb5 g5 44. Kf3 Kg6 45. Ke3 Kf5 46. Bc6 Ke5 47. Kd3 h5 48. Ke3 Rb3+ 49. Ke2 h4 0-1

[Event "VIE-ch"]
[Site "Vung Tau"]
[Date "2023.03.03"]
[Round "2"]
[White "Tran, Minh Thang"]
[Black "Tran, Ngoc Lan"]
[Result "1-0"]
[WhiteElo "2342"]
[BlackElo "2156"]
[PlyCount "92"]
[EventDate "2023.03.03"]
[EventType "swiss"]
[EventRounds "9"]
[EventCountry "VIE"]
[SourceTitle "EXT 2024"]
[Source "ChessBase"]
[SourceDate "2023.10.10"]
[SourceVersion "1"]
[SourceVersionDate "2023.10.10"]
[SourceQuality "1"]

1. d4 d5 2. Bf4 c5 3. e3 Nc6 4. Nf3 Nf6 5. Nbd2 Qb6 6. dxc5 Qxb2 7. Rb1 Qa3 8. Bb5 e6 9. c4 Bd7 10. Ne5 Bxc5 11. Nxd7 Nxd7 12. cxd5 exd5 13. 0-0 0-0 14. e4 a6 15. Rb3 Qxa2 16. Bd3 Na5 17. Rb1 Qa3 18. Nb3 dxe4 19. Bxe4 Nf6 20. Nxc5 Qxc5 21. Bd6 Qc8 22. Bxf8 Nxe4 23. Bxg7 Kxg7 24. Qd4+ Nf6 25. Qe5 Qc6 26. Qxa5 b5 27. Rbc1 Qd6 28. Rfd1 Qf4 29. Qc3 b4 30. Rd4 bxc3 31. Rxf4 Rc8 32. Rd4 Rc5 33. Kf1 Nd5 34. Ke2 Kf6 35. Kd3 Ke5 36. g3 a5 37. Rc4 Rb5 38. Re1+ Kd6 39. Re8 Kd7 40. Ra8 f5 41. Ra7+ Kd6 42. Ra6+ Kd7 43. Ra7+ Kd6 44. Rh4 Rb2 45. Rh6+ Kc5 46. Rxa5+ Kb4 1-0

[Event "Hanoi op"]
[Site "Hanoi"]
[Date "2022.08.27"]
[Round "7"]
[White "Tran, Tuan Minh"]
[Black "Tran, Minh Thang"]
[Result "1-0"]
[WhiteElo "2495"]
[BlackElo "2342"]
[PlyCount "67"]
[EventDate "2022.08.20"]
[EventType "swiss"]
[EventRounds "9"]
[EventCountry "VIE"]
[SourceTitle "CBM 209 Extra"]
[Source "ChessBase"]
[SourceDate "2022.09.30"]
[SourceVersion "1"]
[SourceVersionDate "2022.09.30"]
[SourceQuality "1"]

1. c4 Nf6 2. Nc3 c5 3. g3 g6 4. Bg2 Bg7 5. Nf3 0-0 6. d4 cxd4 7. Qxd4 Nc6 8. Qh4 Re8 9. 0-0 d6 10. Bh6 Ne5 11. Nxe5 dxe5 12. Rfd1 Qc7 13. Rac1 Bxh6 14. Qxh6 Be6 15. b3 Rad8 16. h3 a6 17. Qe3 Rxd1+ 18. Rxd1 Rc8 19. Qa7 b5 20. Qxc7 Rxc7 21. cxb5 Rxc3 22. Rd8+ Kg7 23. bxa6 Rc7 24. Bb7 Nd7 25. Rc8 Rxc8 26. Bxc8 Nb6 27. Bxe6 fxe6 28. a7 Kf7 29. a4 Ke8 30. a5 Na8 31. b4 Kd7 32. b5 Kc7 33. b6+ Kb7 34. Kg2 1-0

[Event "Hanoi op"]
[Site "Hanoi"]
[Date "2022.08.23"]
[Round "3"]
[White "Phan, Minh Trieu"]
[Black "Tran, Minh Thang"]
[Result "0-1"]
[WhiteElo "1596"]
[BlackElo "2342"]
[PlyCount "78"]
[EventDate "2022.08.20"]
[EventType "swiss"]
[EventRounds "9"]
[EventCountry "VIE"]
[SourceTitle "CBM 209 Extra"]
[Source "ChessBase"]
[SourceDate "2022.09.30"]
[SourceVersion "1"]
[SourceVersionDate "2022.09.30"]
[SourceQuality "1"]

1. d4 Nf6 2. Bf4 c5 3. e3 Qb6 4. Na3 cxd4 5. Qxd4 Qa5+ 6. Qd2 Qxd2+ 7. Kxd2 d6 8. Bd3 g6 9. e4 Bg7 10. c3 Bd7 11. f3 0-0 12. Ne2 Nc6 13. Rad1 d5 14. Kc1 Be6 15. Kb1 dxe4 16. fxe4 Rfd8 17. h3 a6 18. Bc7 Rdc8 19. Bh2 b5 20. Nf4 Bd7 21. Rhe1 Ne5 22. Bc2 Bc6 23. Nd5 Bxd5 24. exd5 Nfd7 25. d6 exd6 26. Be4 Rab8 27. Rxd6 b4 28. cxb4 Rxb4 29. Nc2 Rxb2+ 30. Kxb2 Nd3+ 31. Kb3 N7c5+ 32. Kc4 Nxe4+ 33. Kxd3 Nxd6 34. Nb4 Rc3+ 35. Kd2 Nc4+ 36. Kd1 a5 37. Nc6 Nb2+ 38. Kd2 Rxc6 39. Re8+ Bf8 0-1

[Event "Hanoi op"]
[Site "Hanoi"]
[Date "2022.08.21"]
[Round "2"]
[White "Tran, Minh Thang"]
[Black "Dau, Khuong Duy"]
[Result "0-1"]
[WhiteElo "2342"]
[BlackElo "1937"]
[PlyCount "100"]
[EventDate "2022.08.20"]
[EventType "swiss"]
[EventRounds "9"]
[EventCountry "VIE"]
[SourceTitle "CBM 209 Extra"]
[Source "ChessBase"]
[SourceDate "2022.09.30"]
[SourceVersion "1"]
[SourceVersionDate "2022.09.30"]
[SourceQuality "1"]

1. d4 Nf6 2. c4 g6 3. Nf3 Bg7 4. g3 0-0 5. Bg2 d6 6. 0-0 Nc6 7. Nc3 a6 8. b3 Rb8 9. Bb2 b5 10. cxb5 axb5 11. d5 Na7 12. Nd4 e5 13. dxe6 fxe6 14. a4 e5 15. Ncxb5 exd4 16. Nxa7 Bd7 17. Nc6 Bxc6 18. Bxc6 Rb6 19. Bxd4 Rxc6 20. Bxf6 Qxf6 21. Qd5+ Qf7 22. Qxc6 Bxa1 23. Rxa1 Qxf2+ 24. Kh1 Qxe2 25. Qc4+ Qxc4 26. bxc4 Ra8 27. Kg2 Kf7 28. Kf3 Ra5 29. Ke4 Ke6 30. Kd4 Kd7 31. Kc3 Kc6 32. Kb4 Kb6 33. Rb1 Rf5 34. Kc3+ Ka6 35. Rb2 c5 36. Kd3 Ka5 37. Rb7 Rf3+ 38. Ke2 Rc3 39. Rxh7 Rxc4 40. Rh6 Re4+ 41. Kf3 Re6 42. h4 c4 43. h5 c3 44. Rxg6 c2 45. Rxe6 c1Q 46. h6 d5 47. Re5 Kb4 48. h7 Qh1+ 49. Kf4 Qh6+ 50. Kg4 Qxh7 0-1

[Event "Hanoi GM"]
[Site "Hanoi"]
[Date "2022.05.28"]
[Round "7"]
[White "Tran, Minh Thang"]
[Black "Bersamina, Paulo"]
[Result "1-0"]
[WhiteElo "2334"]
[BlackElo "2441"]
[PlyCount "75"]
[EventDate "2022.05.24"]
[EventType "tourn"]
[EventRounds "9"]
[EventCountry "VIE"]
[EventCategory "8"]
[SourceTitle "CBM 208 Extra"]
[Source "ChessBase"]
[SourceDate "2022.07.31"]
[SourceVersion "1"]
[SourceVersionDate "2022.07.31"]
[SourceQuality "1"]

1. d4 Nf6 2. Bf4 e6 3. e3 d5 4. Nd2 Bd6 5. Bg3 0-0 6. Ngf3 c5 7. c3 Qc7 8. Bd3 Nbd7 9. Bxd6 Qxd6 10. 0-0 e5 11. dxe5 Nxe5 12. Nxe5 Qxe5 13. c4 Be6 14. Qc2 Rac8 15. cxd5 Bxd5 16. e4 Bc6 17. Nc4 Qh5 18. f3 Rfd8 19. a4 Rd4 20. Ne3 g6 21. Bc4 Kg7 22. Qc3 Rcd8 23. Nc2 R4d7 24. Rae1 Bxa4 25. e5 Nd5 26. Bxd5 Rxd5 27. Ne3 Rd3 28. Qxc5 Qh4 29. Qxa7 Qb4 30. e6 f5 31. Rc1 Qd4 32. Qxd4+ R8xd4 33. Rc7+ Kf6 34. Re1 Rb4 35. Rxh7 Rxb2 36. Nc4 Rc2 37. h4 Be8 38. Ne5 1-0

[Event "Hanoi GM"]
[Site "Hanoi"]
[Date "2022.05.27"]
[Round "5"]
[White "Tran, Minh Thang"]
[Black "Nguyen, Van Huy"]
[Result "1/2-1/2"]
[WhiteElo "2334"]
[BlackElo "2405"]
[PlyCount "29"]
[EventDate "2022.05.24"]
[EventType "tourn"]
[EventRounds "9"]
[EventCountry "VIE"]
[EventCategory "8"]
[SourceTitle "CBM 208 Extra"]
[Source "ChessBase"]
[SourceDate "2022.07.31"]
[SourceVersion "1"]
[SourceVersionDate "2022.07.31"]
[SourceQuality "1"]

1. d4 Nf6 2. c4 e6 3. Nc3 Bb4 4. e3 0-0 5. Nge2 d5 6. a3 Bd6 7. cxd5 exd5 8. Ng3 c6 9. Bd3 Re8 10. Qc2 Nbd7 11. Bd2 Nf8 12. Nce2 a5 13. 0-0 Bd7 14. Rac1 Qb6 15. f3 1/2-1/2

[Event "Hanoi GM"]
[Site "Hanoi"]
[Date "2022.05.26"]
[Round "4"]
[White "Quizon, Daniel"]
[Black "Tran, Minh Thang"]
[Result "1-0"]
[WhiteElo "2384"]
[BlackElo "2334"]
[PlyCount "77"]
[EventDate "2022.05.24"]
[EventType "tourn"]
[EventRounds "9"]
[EventCountry "VIE"]
[EventCategory "8"]
[SourceTitle "CBM 208 Extra"]
[Source "ChessBase"]
[SourceDate "2022.07.31"]
[SourceVersion "1"]
[SourceVersionDate "2022.07.31"]
[SourceQuality "1"]

1. e4 c5 2. Nf3 e6 3. g3 Nc6 4. Bg2 Nf6 5. Qe2 Be7 6. 0-0 d6 7. e5 dxe5 8. Nxe5 Nxe5 9. Qxe5 0-0 10. Nc3 a6 11. d3 Bd6 12. Qe2 Rb8 13. a4 h6 14. Be3 Qc7 15. f4 Bd7 16. Ne4 Nxe4 17. dxe4 Bc6 18. b3 Rbc8 19. Qf2 f5 20. exf5 exf5 21. Rad1 Rfe8 22. Bd5+ Bxd5 23. Rxd5 Re6 24. Rfd1 Qe7 25. R1d3 c4 26. bxc4 Rxc4 27. c3 Kh7 28. Qf3 Bc5 29. Bxc5 Rxc5 30. Rd7 Qe8 31. Rxb7 Re1+ 32. Kg2 Re2+ 33. Kh3 Rc6 34. Rdd7 Rg6 35. Rf7 Qe6 36. Qd3 Qa2 37. Rxg7+ Rxg7 38. Qxf5+ Kh8 39. Rb8+ 1-0

[Event "Hanoi GM"]
[Site "Hanoi"]
[Date "2022.05.25"]
[Round "2"]
[White "Nguyen, Anh Dung"]
[Black "Tran, Minh Thang"]
[Result "1-0"]
[WhiteElo "2475"]
[BlackElo "2334"]
[PlyCount "67"]
[EventDate "2022.05.24"]
[EventType "tourn"]
[EventRounds "9"]
[EventCountry "VIE"]
[EventCategory "8"]
[SourceTitle "CBM 208 Extra"]
[Source "ChessBase"]
[SourceDate "2022.07.31"]
[SourceVersion "1"]
[SourceVersionDate "2022.07.31"]
[SourceQuality "1"]

1. d4 Nf6 2. c4 e6 3. Nf3 d5 4. Nc3 Bb4 5. Qa4+ Nc6 6. Bg5 0-0 7. e3 h6 8. Bxf6 Qxf6 9. Rc1 dxc4 10. Bxc4 e5 11. d5 e4 12. Nd2 Bxc3 13. Rxc3 Ne5 14. Be2 Bf5 15. Nxe4 Qg6 16. Ng3 Bd3 17. Bxd3 Nxd3+ 18. Ke2 Ne5 19. Rd1 Qb6 20. Rb3 Qg6 21. Rxb7 a5 22. b3 Qc2+ 23. Rd2 Qc1 24. Nf5 Rae8 25. Qf4 Qb1 26. Rxc7 Ng6 27. Qf3 Ne5 28. Qh3 a4 29. Ne7+ Kh8 30. Qf5 Qa1 31. bxa4 Rb8 32. f4 Ng6 33. Nxg6+ fxg6 34. Qe5 1-0

[Event "VIE-ch"]
[Site "Tinh Bac Giang"]
[Date "2022.02.28"]
[Round "8"]
[White "Hoang, Canh Huan"]
[Black "Tran, Minh Thang"]
[Result "0-1"]
[WhiteElo "2404"]
[BlackElo "2326"]
[PlyCount "58"]
[EventDate "2022.02.28"]
[EventType "swiss"]
[EventRounds "9"]
[EventCountry "VIE"]
[SourceTitle "CBM 207 Extra"]
[Source "ChessBase"]
[SourceDate "2022.05.31"]
[SourceVersion "1"]
[SourceVersionDate "2022.05.31"]
[SourceQuality "1"]

1. e4 c5 2. Nc3 a6 3. g3 b5 4. Bg2 Bb7 5. Nge2 e6 6. 0-0 Nf6 7. d3 d6 8. h3 Nbd7 9. a3 Qc7 10. g4 h6 11. f4 Be7 12. Ng3 Nb6 13. Nce2 d5 14. e5 Nfd7 15. d4 cxd4 16. Nxd4 g5 17. f5 Qxe5 18. Nh5 Nc5 19. fxe6 fxe6 20. Re1 Ne4 21. Nxe6 Bd6 22. Neg7+ Kd7 23. Nf5 Qh2+ 24. Kf1 Rhf8 25. Be3 Nc4 26. b3 Rxf5+ 27. gxf5 Rf8 28. Ng7 Ng3+ 29. Kf2 d4 0-1

[Event "VIE-ch"]
[Site "Tinh Bac Giang"]
[Date "2022.02.28"]
[Round "1"]
[White "Le, Minh Tu"]
[Black "Tran, Minh Thang"]
[Result "1/2-1/2"]
[WhiteElo "1947"]
[BlackElo "2326"]
[PlyCount "48"]
[EventDate "2022.02.28"]
[EventType "swiss"]
[EventRounds "9"]
[EventCountry "VIE"]
[SourceTitle "CBM 207 Extra"]
[Source "ChessBase"]
[SourceDate "2022.05.31"]
[SourceVersion "1"]
[SourceVersionDate "2022.05.31"]
[SourceQuality "1"]

1. e4 c5 2. Nf3 e6 3. c3 Nf6 4. e5 Nd5 5. d4 cxd4 6. cxd4 b6 7. Nc3 Bb7 8. Bd3 Be7 9. a3 0-0 10. Ne4 f5 11. exf6 Nxf6 12. Qc2 Nxe4 13. Bxe4 Bxe4 14. Qxe4 Na6 15. Bf4 Nc7 16. Bxc7 Qxc7 17. 0-0 Rac8 18. Ne5 Bd6 19. g3 Qc2 20. Nd3 Qb3 21. Rac1 a5 22. Rfe1 b5 23. Rxc8 Rxc8 24. Qb7 Rd8 1/2-1/2

[Event "VIE-ch"]
[Site "Tinh Bac Giang"]
[Date "2022.02.28"]
[Round "3"]
[White "Tran, Minh Thang"]
[Black "Nguyen, Hoang Duc"]
[Result "1-0"]
[WhiteElo "2326"]
[BlackElo "2158"]
[PlyCount "55"]
[EventDate "2022.02.28"]
[EventType "swiss"]
[EventRounds "9"]
[EventCountry "VIE"]
[SourceTitle "CBM 207 Extra"]
[Source "ChessBase"]
[SourceDate "2022.05.31"]
[SourceVersion "1"]
[SourceVersionDate "2022.05.31"]
[SourceQuality "1"]

1. d4 Nf6 2. Bf4 g6 3. Nc3 Bg7 4. e4 d6 5. Qe2 0-0 6. 0-0-0 c6 7. Nf3 b5 8. e5 Nh5 9. Bd2 Qc7 10. h3 dxe5 11. dxe5 f5 12. Re1 Nd7 13. g4 fxg4 14. hxg4 Nf4 15. Bxf4 Rxf4 16. Qe3 Rf8 17. Rxh7 Kxh7 18. Ng5+ Kg8 19. Nxb5 Qxe5 20. Bc4+ Rf7 21. Bxf7+ Kf8 22. Nc7 Qxb2+ 23. Kd1 Ne5 24. Bb3 Bxg4+ 25. f3 Rd8+ 26. Ke2 Nc4 27. fxg4 Nxe3 28. Nh7# 1-0

[Event "VIE-ch"]
[Site "Tinh Bac Giang"]
[Date "2022.02.28"]
[Round "5"]
[White "Tran, Minh Thang"]
[Black "Nguyen, Phuoc Tam"]
[Result "1-0"]
[WhiteElo "2326"]
[BlackElo "2199"]
[PlyCount "39"]
[EventDate "2022.02.28"]
[EventType "swiss"]
[EventRounds "9"]
[EventCountry "VIE"]
[SourceTitle "CBM 207 Extra"]
[Source "ChessBase"]
[SourceDate "2022.05.31"]
[SourceVersion "1"]
[SourceVersionDate "2022.05.31"]
[SourceQuality "1"]

1. d4 g6 2. e4 Bg7 3. Nc3 c5 4. dxc5 Qa5 5. Bd2 Qxc5 6. Nd5 Kf8 7. Nf3 Nc6 8. b4 Qd6 9. b5 Nd4 10. Bb4 Nxf3+ 11. Qxf3 Qe5 12. Rd1 d6 13. Be2 Qb2 14. 0-0 h5 15. Qd3 a6 16. Bxd6 Bg4 17. Bxg4 hxg4 18. Nb6 Qxb5 19. Qxb5 axb5 20. Bc7 1-0

[Event "Hanoi op 12"]
[Site "Hanoi"]
[Date "2022.??.??"]
[Round "3"]
[White "Tran, Minh Thang"]
[Black "Nguyen, Huynh Minh Huy"]
[Result "1-0"]
[WhiteElo "2342"]
[BlackElo "2438"]
[PlyCount "77"]
[EventDate "2022.12.11"]
[EventType "swiss"]
[EventRounds "9"]
[EventCountry "VIE"]
[SourceTitle "CBM 211 Extra"]
[Source "ChessBase"]
[SourceDate "2023.01.31"]
[SourceVersion "1"]
[SourceVersionDate "2023.01.31"]
[SourceQuality "1"]

1. Nf3 d5 2. e3 Nf6 3. b3 Bf5 4. Bb2 e6 5. h3 h6 6. d3 Nbd7 7. Nbd2 Bh7 8. Qe2 c6 9. g4 Qc7 10. Rg1 g5 11. h4 Rg8 12. Bh3 0-0-0 13. 0-0-0 Be7 14. Rh1 e5 15. hxg5 hxg5 16. Nxg5 Rxg5 17. f4 Rgg8 18. g5 Ne8 19. Bxe5 Qa5 20. Bxd7+ Rxd7 21. Rxh7 Qxa2 22. Nb1 f6 23. Bb2 Ba3 24. Nxa3 Rxh7 25. Qg4+ Kd8 26. Qe6 Rf8 27. gxf6 Rhf7 28. Nc4 dxc4 29. dxc4+ Kc7 30. Be5+ Kb6 31. c5+ Ka6 32. Rd4 Qa1+ 33. Kd2 Qa5+ 34. b4 Qa3 35. Qc4+ b5 36. Qe6 Kb7 37. Rd7+ Nc7 38. Rxf7 Qxb4+ 39. Ke2 1-0

[Event "Titled Tuesday intern op 01st June"]
[Site "Chess.com INT"]
[Date "2021.06.01"]
[Round "2"]
[White "Djaparov, Medet"]
[Black "Tran, Minh Thang"]
[Result "1-0"]
[WhiteElo "1691"]
[BlackElo "2326"]
[PlyCount "155"]
[EventDate "2021.06.01"]
[EventType "swiss (blitz)"]
[EventRounds "11"]
[EventCountry "USA"]
[SourceTitle "CBM 202 Extra"]
[Source "ChessBase"]
[SourceDate "2021.07.31"]
[SourceVersion "1"]
[SourceVersionDate "2021.07.31"]
[SourceQuality "1"]

1. d4 Nf6 2. c4 g6 3. Nf3 Bg7 4. g3 0-0 5. Bg2 d5 6. cxd5 Nxd5 7. 0-0 Nc6 8. Nc3 Nb6 9. d5 Na5 10. Qc2 c6 11. dxc6 Nxc6 12. Rd1 Qc7 13. Bf4 e5 14. Nb5 Qb8 15. Be3 Bf5 16. Qc5 Na4 17. Qa3 Nb6 18. Nd6 Be6 19. Rac1 h6 20. h4 Rd8 21. h5 Bf8 22. Bc5 Nd7 23. hxg6 Nxc5 24. gxf7+ Kg7 25. Qxc5 Rxd6 26. Qe3 Rxd1+ 27. Rxd1 Bxf7 28. Nh4 Qc8 29. Be4 Ne7 30. Rd6 Kg8 31. Qf3 Qc7 32. Rf6 Nc6 33. Rxf7 Qxf7 34. Bd5 Nd8 35. Bxf7+ Nxf7 36. Qxb7 Rd8 37. Ng6 Bc5 38. Kg2 Bb6 39. Qe4 Re8 40. a4 Nd6 41. Qd5+ Nf7 42. b4 Kg7 43. Nh4 Ng5 44. Qd3 e4 45. Qa6 Re7 46. Qb5 e3 47. Nf5+ Kf6 48. Nxe3 Bxe3 49. fxe3 Rxe3 50. Qc5 Rxe2+ 51. Kf1 Re6 52. Qxa7 Ne4 53. Qd4+ Kf5 54. Kg2 Ng5 55. Qf4+ Kg6 56. Qc4 Rd6 57. Qc2+ Kf6 58. b5 Ke5 59. a5 Ne4 60. b6 Rg6 61. Qd3 h5 62. b7 Rg8 63. a6 h4 64. a7 h3+ 65. Kxh3 Nf2+ 66. Kg2 Nxd3 67. b8Q+ Rxb8 68. axb8Q+ Ke4 69. Qe8+ Kd4 70. Qd8+ Ke4 71. Kh3 Nf2+ 72. Kh4 Nd3 73. Qa8+ Ke5 74. g4 Nf4 75. Qa5+ Kf6 76. g5+ Kg7 77. Kg4 Ng6 78. Qa7+ 1-0